000 00733nmc a2200277 a 4500
003 AR-Y00000XR
005 20251128211846.0
008 136120s2002 ||||||||||||||000 | spa||
020 _a84-205-33508-7
040 _cAR-Y00000XR
100 1 _aFurtwengler, Dale
245 1 0 _aEvaluar el rendimiento
260 _aMadrid
_bPrentice Hall
_c2002
300 0 _a155 p.
490 0 _aGuías de bolsillo
650 4 _aADMINISTRACION DEL PERSONAL
650 4 _aEVALUACION
650 4 _aRENDIMIENTO
650 4 _aPERSONAL
650 4 _aORGANIZACION DEL TRABAJO
650 4 _aDESEMPENO DE UN ROL
650 4 _aRECURSOS HUMANOS
700 1 _aSánchez Hoyos, María Amparo
_etraductor
942 _cBK
998 _cme-solo cat
999 _c21404
_d21404